000 00602nam a22001817a 4500
005 20251108164954.0
008 250721s1983 xx 000 0 ara d
082 1 4 _a658.1513/زيا
100 1 _aرمضان، زياد
245 1 0 _aالتحليل المالي للغايات الإدارية في المنشآت التجارية و الصناعية /
264 1 _aعمان :
_bالجامعة الأردنية،
_c1983.
300 _a286ص
650 1 7 _aالإدارة
650 1 7 _aتقنيات الإدارة
650 1 7 _aالإدارة المالية
942 _2ddc
_cBK
999 _c18763
_d18763